000 01224nam a22002057a 4500
005 20241121124816.0
008 241121b ||||| |||| 00| 0 eng d
020 _a9788180943805
040 _cAL
041 _aEnglish
082 _223
_a597
_bBEAH
100 _aR Beavan
_9185972
245 _aHandbook of the Freshwater Fishes of India
260 _aChennai
_bMaven Books
_c2020
300 _a247 p.
_bHB
_c22x14 cm.
365 _aEKJA-87684
_b₹897.00
_c
_d₹995.00
_e0%
_f14-11-2024
520 _aOriginally published in 1877,this little book was intended by the author to be used as a handbook or for reference. It is not an extensive research into the various fishes of India, but can be used by anyone with an interest in the subject. Contents include: On Ichthyology in General, and that of the Indian Fresh Waters in Particular - On Classification - On Distribution - Descriptions of some of the Principal Families of Fish - Of The Species and Genera Inhabiting the Fresh Waters of the Indian Continent - Habits, Breeding Etc. - List of Freshwater Fishes of the Indian Continent - Index to Native names and Synonyms - List of References and Abbreviations.
700 _aBEAVAN (R)
_9185934
942 _2ddc
_cBK
999 _c231954
_d231954